<?xml version="1.0" encoding="UTF-8"?>
<marc:record xmlns:marc="http://www.loc.gov/MARC21/slim">
   <marc:leader>00000nam a2200000 a 4500</marc:leader>
   <marc:datafield ind1="1" ind2=" " tag="100">
      <marc:subfield code="a">Dostojewskij, Fjodor M</marc:subfield>
      <marc:subfield code="4">aut</marc:subfield>
      <marc:subfield code="e">Verfasser/-in</marc:subfield>
   </marc:datafield>
   <marc:datafield ind1=" " ind2=" " tag="653">
      <marc:subfield code="a">D</marc:subfield>
   </marc:datafield>
   <marc:datafield ind1=" " ind2=" " tag="653">
      <marc:subfield code="a">DR</marc:subfield>
   </marc:datafield>
   <marc:datafield ind1=" " ind2=" " tag="653">
      <marc:subfield code="a">Klassiker</marc:subfield>
   </marc:datafield>
   <marc:datafield ind1=" " ind2=" " tag="653">
      <marc:subfield code="a">Roman</marc:subfield>
   </marc:datafield>
   <marc:datafield ind1=" " ind2=" " tag="653">
      <marc:subfield code="a">Russ.</marc:subfield>
   </marc:datafield>
   <marc:datafield ind1=" " ind2=" " tag="653">
      <marc:subfield code="a">lne</marc:subfield>
   </marc:datafield>
   <marc:datafield ind1="0" ind2="0" tag="245">
      <marc:subfield code="a">Der Idiot</marc:subfield>
   </marc:datafield>
   <marc:datafield ind1="0" ind2="0" tag="245">
      <marc:subfield code="c">Dostojewskij, Fjodor M</marc:subfield>
   </marc:datafield>
   <marc:datafield ind1="1" ind2=" " tag="520">
      <marc:subfield code="a">"Die Hauptidee des Romans ist, einen wahrhaft vollkommenen Menschen darzustellen", schrieb Dostojewskij über den an Epilepsie leidenden Fürsten Myschkin, den letzten Sproß eines alten Geschlechts. Von einer Krankheit gezeichnet, die aus der Sicht russischer Frömmigkeit als Zeichen göttlicher Gnade gilt, kehrt er aus einer Schweizer&#xD;
Heilanstalt nach Rußland zurück. Dort verstrickt er sich in ein Netz von Intrigen um die schöne Natasja Baraschowa und gerät in eine verhängnisvolle Haß-Liebe-Beziehung zu seinem Rivalen Rogoschin.</marc:subfield>
   </marc:datafield>
</marc:record>
